Protección del sistema auditivo : tiene sentido /
Serie sobre seguridad industrial, conformada por 16 videos, que motiva a los trabajadores a utilizar los equipos de protección personal y explica cómo utilizar y mantener las diferentes clases de dichos equipos. El presente tomo presenta los principios de conservación del sistema auditivo: cuando un...
Gorde:
| Formatua: | |
|---|---|
| Hizkuntza: | gaztelania |
| Argitaratua: |
Virginia Beach, EUA :
Coastal,
1995, c1995
|
| Saila: | (Serie sobre Los Equipos de Protección Personal)
|
| Gaiak: | |
| Etiketak: |
Etiketarik gabe, Izan zaitez lehena erregistro honi etiketa jartzen!
|
MARC
| LEADER | 00000ngm^a2200000^a^4500 | ||
|---|---|---|---|
| 001 | 000162626 | ||
| 005 | 20250521000000.0 | ||
| 009 | 20260310100839.891 | ||
| 037 | |a Acervo ITESO - Biblioteca | ||
| 041 | |a ESP | ||
| 082 | |a 620. 86 |b RES V. 15 | ||
| 245 | 0 | 0 | |a Protección del sistema auditivo : |b tiene sentido / |
| 246 | 2 | |a Título en la pantalla: Protección auditiva: tiene sentido | |
| 264 | 4 | |a Virginia Beach, EUA : |b Coastal, |c 1995, c1995 | |
| 300 | |a 1 videocasete VHS |c (23 min.) | ||
| 336 | |a imagen móvil bidimensional |b tdi |2 rdacontenido | ||
| 337 | |a video |b v |2 rdamedio | ||
| 338 | |a videocasete |b vf |2 rdasoporte | ||
| 440 | 1 | |a (Serie sobre Los Equipos de Protección Personal) | |
| 520 | |a Serie sobre seguridad industrial, conformada por 16 videos, que motiva a los trabajadores a utilizar los equipos de protección personal y explica cómo utilizar y mantener las diferentes clases de dichos equipos. El presente tomo presenta los principios de conservación del sistema auditivo: cuando una actividad laboral se desarrolla en un atmósfera caracterizada por el ruido intenso, han de establecerse medidas de control del ruido, un programa de exámenes periódicos del oído de los trabajadores y el suministro del entrenamiento y el equipo de protección pertinentes. | ||
| 546 | |a Doblaje al español | ||
| 649 | |a XX | ||
| 650 | |a Protección del Oído (Seguridad Industrial) - |x Materiales y Equipo | ||
| 650 | |a Protección (Seguridad Industrial) - |x Materiales y Equipo | ||
| 650 | |a Oído - |x Heridas y Lesiones | ||
| 650 | |a Sentidos y Sensaciones | ||
| 650 | |a Sordera - |x Prevención | ||
| 650 | |a Riesgos y Accidentes Laborales - |x Prevención | ||
| 650 | |a Formación y Capacitación Laboral | ||
| 650 | |a Recursos Humanos | ||
| 650 | |a Seguridad Industrial - |x Materiales y Equipo | ||
| 650 | |a Ingeniería Industrial | ||
| 910 | |a Fondo General | ||
| 920 | |a Audiovisuales - Videocasetes | ||
| 905 | |a 301 | ||
| 901 | |a 0500088190 |b IT2 |c VIS |u 20250521 | ||
| 902 | |a https://opac.biblio.iteso.mx/vufind/Record/000162626 | ||